[Event "Poikovsky Karpov 14th"]
[Site "Poikovsky"]
[Date "2013.09.02"]
[Round "5"]
[White "Eljanov, Pavel"]
[Black "Jakovenko, Dmitrij"]
[Result "1-0"]
[WhiteElo "2702"]
[BlackElo "2724"]
[Annotator "CB"]
[PlyCount "71"]
[EventDate "2013.08.28"]
[EventType "tourn"]
[EventRounds "9"]
[EventCountry "RUS"]
[EventCategory "18"]
[SourceTitle "CBM 156"]
[Source "ChessBase"]
[SourceDate "2013.09.17"]
[SourceVersion "1"]
[SourceVersionDate "2013.09.17"]
[SourceQuality "1"]

1. d4 Nf6 2. c4 e6 3. Nc3 Bb4 4. Qc2 O-O 5. Nf3 ({Die Hauptvariante entsteht
nach} 5. a3 Bxc3+ 6. Qxc3 d5 ({Häufiger sieht man} 6... b6) ({oder} 6... d6)
7. Nf3 dxc4 8. Qxc4 b6 9. Bg5 Ba6 10. Qa4 Qd7 11. Qc2 c5 12. dxc5 Rc8 13. Bxf6
gxf6 14. Qe4 Qb5 15. b4 bxc5 16. e3 Qb7 17. Qg4+ Kf8 18. b5 Bxb5 19. Rb1 a6 20.
a4 f5 21. Qh4 Qe4 22. Qh6+ Ke7 23. Qg5+ Kf8 24. Qh6+ Ke7 25. Qg5+ Kf8 26. Qh6+
Ke7 {1/2-1/2 (26) Mamedyarov,S (2753)-Kramnik,V (2803) Moscow 2013}) 5... c5 6.
dxc5 Na6 7. c6 $5 ({Nach} 7. a3 Bxc3+ 8. Qxc3 Nxc5 {hat Schwarz eine
überragende Bilanz}) 7... bxc6 ({Die Stammpartie ist} 7... dxc6 8. a3 Bxc3+ 9.
Qxc3 Nc5 10. Be3 Nce4 11. Qe5 b5 12. g4 c5 13. g5 Qa5+ 14. b4 cxb4 15. gxf6 Bb7
16. Bd2 Rfc8 17. Bxb4 Qb6 18. c5 Qd8 19. Rg1 g6 20. Rd1 Qxf6 21. c6 Bxc6 22.
Rg4 Qxe5 23. Nxe5 f5 24. Nxc6 Rxc6 25. Bg2 a5 26. Bxe4 fxe4 27. Bd2 Rc4 28. Rg5
Ra4 29. Rxb5 Rxa3 30. Rb7 a4 31. Bf4 Rb3 32. Rxb3 axb3 33. Rb1 e3 34. Bxe3 Rb8
35. Kd2 Rb4 36. f3 e5 37. Bf2 {1-0 (37) Morozevich,A (2788)-Ponomariov,R (2718)
Moscow 2008}) 8. e3 d5 9. Be2 Ne4 10. O-O Nxc3 ({Bisher wurde hier nur} 10...
Bxc3 {gespielt.} 11. bxc3 Qa5 12. Bd2 Nac5 13. cxd5 cxd5 14. c4 Nxd2 15. Nxd2
Ba6 16. Nb3 Qb4 17. cxd5 Nxb3 18. axb3 Rfc8 19. Qd1 Bxe2 20. Qxe2 exd5 21. Qd3
(21. Rfb1 g6 22. Ra4 Qc3 23. Rd4 Rab8 24. Qd1 Qc2 25. Rxd5 Qxd1+ 26. Rdxd1 Rc3
27. b4 Rc4 28. b5 Rc5 29. Ra1 Rb7 30. g3 Rcxb5 31. Kg2 Kg7 32. Rd8 Rb1 33. Ra4
R1b4 34. Ra1 Rb1 {1/2-1/2 (34) Narciso Dublan,M (2535)-Gonzalez Vidal,Y (2543)
Montcada 2010}) 21... Rc5 22. g3 Qb5 23. Qd2 Qb7 24. Rfc1 {1/2-1/2 (24) Haugen,
A (2545)-Bubir,A (2555) ICCF email 2012}) 11. bxc3 Be7 12. Rb1 Nc5 13. Ba3 Ne4
14. Bxe7 Qxe7 15. Bd3 Nf6 (15... f5 $5) 16. Ne5 Qd6 17. f4 Ba6 18. Qa4 Bxc4 19.
Bxc4 dxc4 20. Qxc4 Nd5 {Weiß steht bequemer.} 21. Rfd1 ({Zu völligem
Ausgleich führt} 21. Qxc6 Qxc6 22. Nxc6 Rfc8 23. c4 Rxc6 24. cxd5 exd5 $11)
21... Qa3 ({Nicht} 21... Nxe3 $2 22. Rxd6 Nxc4 23. Nxc4 $19 {mit
Figurenverlust.}) ({In Betracht kam aber} 21... f6 22. Nf3 Rab8 {da} 23. e4 $2
Ne3 $19 {nun zugunsten von Schwarz wäre.}) 22. Qb3 Qxb3 ({Nach} 22... Qc5 23.
c4 Nb6 {steht Weiß etwas bequemer.}) 23. Rxb3 Nxe3 {Schwarz hat nun sogar
einen Bauern mehr, ohne wirklich schlecht zu stehen, oder....?} 24. Rd7 {
Der eingedrungene Turm kompensiert den Materialverlust allerdings völlig. Die
Ziele heißen f7, c6 und a7.} Nd5 25. c4 Nb6 ({Warum nicht} 25... Nxf4 26. Nxc6
g5 $5 27. Rxa7 Rxa7 28. Nxa7 Rd8 {mit Gegenspiel?}) 26. Rc7 c5 ({Einfacher war
} 26... f6 {zum Beispiel} 27. Rg3 g6 28. Ng4 Nxc4 29. Rc3 Nb6 30. R3xc6 Rac8 {
und nun führt} 31. Nxf6+ Rxf6 32. Rxc8+ Nxc8 33. Rxc8+ Kg7 34. Rc7+ Rf7 $11 {
zum Remis.}) 27. h4 $1 {Wenn man die schwarze Stellung am Königsflügel sieht,
eigentlich ohne Schwäche, kann man gar nicht glauben, dass Weiß hier nun die
Partie für sich entscheidet.} ({Die schwarze Idee war} 27. Rxc5 Rfc8 $11)
27... g6 $2 (27... f6 $2 28. Rg3 g6 29. Nxg6 hxg6 30. Rxg6+ Kh8 31. Rgg7 Rfd8
32. Rh7+ Kg8 33. Rcg7+ Kf8 34. h5 {mit der Absicht} Z0 35. h6 Z0 36. Rh8#) ({
Besser scheint} 27... h5 $5 28. Kf2 (28. g4 $5)) 28. h5 f6 {Guter Rat war
plötzlich schon teuer.} ({Nach} 28... Rad8 29. h6 Rd2 30. Rxa7 Nc8 31. Ra8 {
kommt Schwarz ebenfalls in große Schwierigkeiten.}) 29. Ng4 $18 g5 {Hier ging
nichts mehr.} ({Die Drohung war} 29... Z0 30. Nh6+ Kh8 31. hxg6 hxg6 32. Rh3 {
nebst Matt.}) 30. fxg5 fxg5 31. Nh6+ Kh8 32. Nf7+ Kg8 33. Nxg5 h6 34. Nh7 Rf5
35. Rg3+ Kh8 36. Rg6 1-0

[Event "Groningen PCA"]
[Site "Groningen"]
[Date "1993.??.??"]
[Round "5"]
[White "Azmaiparashvili, Zurab"]
[Black "Ruban, Vadim"]
[Result "1-0"]
[WhiteElo "2630"]
[BlackElo "2590"]
[Annotator "Chekhov,V"]
[PlyCount "103"]
[EventDate "1993.12.??"]
[EventType "swiss"]
[EventRounds "11"]
[EventCountry "NED"]
[SourceTitle "CBM 039"]
[Source "ChessBase"]
[SourceDate "1994.04.01"]
[SourceVersion "1"]
[SourceVersionDate "1994.04.01"]
[SourceQuality "1"]

1. d4 Nf6 2. c4 e6 3. Nc3 Bb4 4. Qc2 c5 5. dxc5 O-O 6. a3 Bxc5 7. Nf3 b6 (7...
Nc6 $5 8. Bg5 Nd4 9. Nxd4 Bxd4 10. e3 Qa5 11. exd4 Qxg5 12. Qd2 Qxd2+ 13. Kxd2
b6 14. Bd3 Bb7 15. f3 Rfc8 16. b4 Ba6 17. c5 Bxd3 18. Kxd3 bxc5 19. dxc5 Ne8
20. Ne4 $14 {Bareev,E-Rajkovic,D/BRD/1991/1:0 (36) Inf 53/545/}) 8. Bg5 Bb7 (
8... h6 9. Bh4 Bb7 10. e3 Be7 11. Be2 Nc6 12. O-O Rc8 13. Rfd1 Nh5 14. Bxe7
Qxe7 15. b4 Nf6 16. Rd2 Rfd8 17. Rad1 d6 $10 {Psakhis,L-Serper,G/Amsterdam-2/
1990/ Inf 50/587/}) 9. O-O-O $5 $146 (9. e3 Be7 10. Rd1 Nc6 11. Be2 d6 12. Rd2
Qb8 13. O-O h6 14. Bh4 Rd8 15. Rfd1 {Korchnoi,V-Tiviakov,S/Tilburg/1992/1:0 
(64) Inf 57/534/} Ne5 $14) (9. e4 h6 10. Bh4 Be7 11. Be2 Nh5 12. Bxe7 Qxe7 13.
Qd2 $1 Rd8 14. Rd1 Nf6 15. e5 Ne8 16. Nb5 $16 {Seirawan,J-Kveinys,A/Manila(ol)/
1992/0,5 (51) Inf 55/551/}) 9... Be7 10. e4 Nc6 11. Bd3 h6 12. Bf4 (12. Bh4 Nh5
$5) 12... Rc8 13. Kb1 Na5 14. Qe2 a6 15. e5 Ne8 16. b4 $1 $16 Nxc4 (16... Nc6
17. Bxh6 gxh6 18. Qe4 f5 19. exf6 Nxf6 (19... Rxf6 20. Qh7+ Kf8 21. b5 $36) 20.
Qg6+ Kh8 21. Qxh6+ Kg8 22. Qg6+ Kh8 23. Ng5 $40) 17. Bxc4 b5 18. Nxb5 axb5 19.
Bxb5 Nc7 (19... Rc7 20. Rd2) 20. Bxd7 (20. Rxd7 $2 Nxb5 $1 21. Qxb5 Be4+ 22.
Ka1 Qe8 $13) 20... Nd5 (20... Ra8 $5 21. Bxe6 Qb8 22. Ba2 Rxa3 23. e6 fxe6 24.
Bxc7 Qxc7 25. Rd7 Be4+ (25... Qc3 $5) 26. Qxe4 Qxd7 27. Bxe6+) 21. Bxc8 Nc3+
22. Kb2 Qxc8 23. Qc2 Nxd1+ 24. Rxd1 Qa8 25. Rd7 (25. Qc3 Bd5) 25... Bxf3 26.
gxf3 Qxf3 27. Be3 Bg5 (27... Re8 28. b5) 28. Bxg5 hxg5 29. Qd2 f6 30. Rd8 (30.
exf6 Qxf6+ 31. Kb3 Qxf2 32. Qxf2 Rxf2 33. b5 Rxh2 34. b6 Rh1 35. Rd2 $18) 30...
Rxd8 31. Qxd8+ Kf7 32. Qc7+ Kg6 33. b5 $18 f5 (33... Qxf2+ 34. Qc2+ $18) 34.
Qc5 Qe2+ 35. Kb3 Qf3+ 36. Qe3 Qd5+ 37. Kb4 f4 38. Qc3 Qe4+ 39. Kc5 Qd5+ 40. Kb4
Qe4+ 41. Kb3 Qb1+ 42. Kc4 Qa2+ (42... Qe4+ 43. Qd4 Qc2+ 44. Kb4 Qb1+ 45. Ka5
$18) 43. Qb3 Qxf2 (43... Qe2+ 44. Qd3+ $18) 44. b6 Qg2 45. b7 Qd5+ 46. Kc3
Qxe5+ 47. Kd2 Qa5+ 48. Kd1 Qd8+ 49. Kc1 Qb8 50. Qxe6+ Kh5 51. Qh3+ Kg6 52. Qc8
1-0

[Event "Olympiad-32"]
[Site "Yerevan"]
[Date "1996.09.28"]
[Round "12.1"]
[White "Dao, Thien Hai"]
[Black "Marin, Mihail"]
[Result "1-0"]
[WhiteElo "2535"]
[BlackElo "2530"]
[Annotator "Chekhov,V"]
[PlyCount "95"]
[EventDate "1996.09.15"]
[EventType "team-swiss"]
[EventRounds "14"]
[EventCountry "ARM"]
[SourceTitle "CBM 055"]
[Source "ChessBase"]
[SourceDate "1996.12.01"]
[SourceVersion "1"]
[SourceVersionDate "1996.12.01"]
[SourceQuality "1"]
[WhiteTeam "Vietnam"]
[BlackTeam "Romania"]
[WhiteTeamCountry "VIE"]
[BlackTeamCountry "ROU"]

1. d4 Nf6 2. c4 e6 3. Nc3 Bb4 4. Qc2 c5 5. dxc5 O-O 6. Nf3 (6. a3 $5 Bxc5 7.
Nf3) 6... Na6 7. Bd2 Nxc5 8. e3 b6 9. Be2 Bb7 (9... Ba6 $5 10. O-O (10. a3 $6
Bxc3 11. Bxc3 Nce4 12. Bb4 Re8 13. O-O Rc8 14. b3 d5 15. Qa2 dxc4 16. bxc4 Qc7
$15 {Boensch,U-Tischbierek,R/GER/1991/0,5/63/}) 10... d5 11. cxd5 Bxc3 12. Bxc3
Nxd5 13. Bxa6 Nxa6 14. Bd4 Qd7 15. Ng5 $14 {Nikolic,P-Gelfand,B/Sarajevo/1991/
0|1/65/}) 10. a3 (10. O-O Nce4 $1 11. Nxe4 Bxe4 12. Qd1 Qe7 (12... Bxd2 13.
Qxd2 d5 $10) 13. Nd4 Bb7 14. Bxb4 Qxb4 15. Qb3 Qxb3 16. axb3 a5 $10 {Dao Thien,
H-Berend,T/Budapest/1996/0|1/65/}) 10... Bxc3 11. Bxc3 Rc8 (11... d6 12. b3 e5
13. O-O Rc8 14. Rfc1 $6 Qe7 15. b4 Nce4 16. Be1 Rc7 17. Qb2 Qe6 $15 {Hertneck,
G-Karpov,An/GER/1994/0|1/61/}) 12. O-O Qe7 13. b4 (13. Ng5 Nfe4 $5 $132) 13...
Nce4 14. Bd4 d6 15. Rac1 e5 (15... Rfd8 16. Bd3 e5 17. Bb2 Qe6 18. Qe2 Qg4 19.
h3 Qe6 20. Rfd1 $14 {Ivkov,B-Karpov,An/Bugojno/1978/0,5/59/}) 16. Ba1 Rc7 17.
Nd2 $1 Rfc8 18. f3 Nxd2 19. Qxd2 $14 d5 (19... Ba6 $5 20. b5 (20. c5 $2 Bxe2
21. cxd6 Rxc1 $1 22. dxe7 Rxf1#) 20... Bb7 21. e4 $16) 20. cxd5 Nxd5 21. Rxc7
Qxc7 22. Rd1 f6 23. Bd3 b5 24. Bf5 (24. Bxb5 Qb6 25. Bd7 Nxe3 $36) 24... Re8
25. Bb1 Qb6 (25... Kh8 26. Ba2 $6 (26. Qd3 $1 e4 27. Qxb5 $18) 26... Nb6 27.
Rc1 Nc4 28. Qc3 $14) 26. Ba2 Kf8 27. Bxd5 Rd8 28. Bd4 $1 exd4 29. Bxb7 Qxb7 30.
exd4 $16 Qd5 31. Qc2 Kg8 32. Qe4 Qxe4 (32... a6 $5 33. Qxd5+ (33. h4 $5 $16)
33... Rxd5 34. Kf2 Rd8 35. Ke3 Rc8 $14) 33. fxe4 Re8 34. Re1 Rd8 35. d5 f5 36.
Rd1 fxe4 37. Kf2 Kf7 38. Ke3 Ke7 (38... Re8 39. d6 Ke6 40. d7 Rd8 41. Kxe4 Rxd7
42. Rxd7 Kxd7 43. Kd5 $18) 39. Kxe4 Rc8 40. d6+ Kd7 41. Kd5 Rc3 42. Rf1 Rd3+
43. Kc5 Rc3+ 44. Kxb5 Rxa3 45. Rf7+ Kxd6 46. Rxg7 h5 47. Rg6+ Kc7 48. Ra6 $1
1-0

[Event "Espoo zt"]
[Site "Espoo"]
[Date "1989.??.??"]
[Round "?"]
[White "Petursson, Margeir"]
[Black "Larsen, Bent"]
[Result "1-0"]
[WhiteElo "2590"]
[BlackElo "2530"]
[Annotator "ChessBase"]
[PlyCount "131"]
[EventDate "1989.07.??"]
[EventType "tourn"]
[EventRounds "13"]
[EventCountry "FIN"]
[EventCategory "11"]
[SourceTitle "CBM 014"]
[Source "ChessBase"]
[SourceDate "1990.02.01"]
[SourceVersion "1"]
[SourceVersionDate "1990.02.01"]
[SourceQuality "1"]

1. d4 Nf6 2. c4 e6 3. Nc3 Bb4 4. Qc2 c5 5. dxc5 O-O 6. a3 Bxc5 7. Nf3 b6 8. Bg5
Bb7 9. e4 h6 10. Bh4 Be7 11. Rd1 Nc6 12. Be2 Nh5 13. Bxe7 Qxe7 14. Qd2 Rad8 15.
O-O d6 16. Qe3 Nf6 17. Nd4 Rd7 18. Rd2 Nxd4 19. Rxd4 Bc6 20. Rfd1 Rb8 21. Bf3
e5 {>< e4, c4} 22. R4d3 a5 23. Qd2 Ne8 24. Bg4 Rc7 25. Be2 Qg5 26. Qxg5 hxg5
27. Rg3 f6 28. Bh5 a4 $1 29. Rgd3 Kf8 30. f3 Bd7 31. Bxe8 Bxe8 32. Rxd6 Rxc4
33. R1d2 b5 34. Na2 g4 35. Kf2 gxf3 36. gxf3 Rbc8 37. Ke3 Rc2 38. Nb4 Rc1 39.
Rd1 Ke7 40. Rd8 Rxd1 41. Rxc8 $5 Bd7 42. Rg8 Kf7 43. Rb8 Rb1 44. Nd5 Bc6 $5 (
44... Rxb2 45. Rb7 Ke6 46. Rb6+ Kf7 47. Rb7 $10) 45. Nb4 Be8 46. Nd3 Rh1 {
46...g5} 47. f4 exf4+ 48. Nxf4 Bc6 49. Rb6 Re1+ 50. Ne2 Bd7 $6 (50... Bxe4 51.
Rxb5 $10) 51. Rb7 Ke8 52. Kd3 Rh1 53. Nc3 Rxh2 54. Nxb5 g5 55. Nc7+ Kd8 56. Nd5
Bc8 57. Rg7 Be6 58. Nxf6 Rxb2 59. Kd4 Ra2 60. Ke5 Bb3 61. Kd6 Rxa3 $2 62. Re7
Kc8 63. Kc6 Kb8 64. Nd7+ Ka7 65. Nc5+ Kb8 66. Na6+ (66. Na6+ Ka8 67. Kb6 {
/\ 68.Ta7#}) 1-0

[Event "Interzonal-16"]
[Site "Biel"]
[Date "1993.??.??"]
[Round "5"]
[White "Nogueiras Santiago, Jesus"]
[Black "Zarnicki, Pablo Adrian"]
[Result "1/2-1/2"]
[WhiteElo "2580"]
[BlackElo "2455"]
[Annotator "ChessBase"]
[PlyCount "36"]
[EventDate "1993.07.16"]
[EventType "swiss"]
[EventRounds "13"]
[EventCountry "SUI"]
[SourceTitle "CBM 037"]
[Source "ChessBase"]
[SourceDate "1993.12.01"]
[SourceVersion "1"]
[SourceVersionDate "1993.12.01"]
[SourceQuality "1"]

1. d4 Nf6 2. c4 e6 3. Nc3 Bb4 4. Qc2 O-O 5. Bg5 c5 6. dxc5 Na6 7. e3 $5 Nxc5 8.
Nge2 (8. f3 $5) 8... Nce4 9. Bxf6 Nxf6 10. a3 (10. O-O-O $5) 10... Be7 11. Nd4
(11. O-O-O $5) 11... b6 12. Be2 Bb7 13. O-O Qc7 $1 {><c4} 14. Rfd1 Rac8 15. Qa4
a6 16. Rac1 Rfd8 17. b4 Qb8 18. Qb3 {/\ Bf3} Ne4 (18... Ne4 19. Nxe4 Bxe4 20.
Bf3 Bxf3 21. Nxf3 Bf6 $10 {Zarnicki,P}) 1/2-1/2

[Event "(GER-ch) International04"]
[Site "Bad Lauterberg"]
[Date "1977.03.13"]
[Round "7"]
[White "Gerusel, Mathias"]
[Black "Timman, Jan H"]
[Result "1-0"]
[WhiteElo "2420"]
[BlackElo "2590"]
[Annotator "ChessBase"]
[PlyCount "103"]
[EventDate "1977.03.06"]
[EventType "tourn"]
[EventRounds "15"]
[EventCountry "GER"]
[EventCategory "12"]
[SourceTitle "EXT 2002"]
[Source "ChessBase"]
[SourceDate "2001.11.25"]
[SourceVersion "1"]
[SourceVersionDate "2001.11.25"]
[SourceQuality "1"]

1. d4 Nf6 2. c4 e6 3. Nc3 Bb4 4. Qc2 c5 5. dxc5 O-O 6. Bf4 Na6 7. Bd6 Re8 8. a3
Qa5 9. Rc1 Bxc3+ 10. Qxc3 Qxc3+ 11. Rxc3 Ne4 12. Rc2 Naxc5 13. Bxc5 Nxc5 14. b4
Na4 15. e3 a5 16. Nf3 b6 17. Nd4 Ba6 18. Be2 Rec8 19. Kd2 g6 20. Rhc1 Kf8 21.
Bf3 Rab8 22. Bd1 Ke7 23. Ra2 Bxc4 24. Rxc4 Rxc4 25. Bxa4 axb4 26. Bb3 Rc3 27.
axb4 Rbc8 28. Ra3 g5 29. Ne2 R3c6 30. Bd1 Rc4 31. Rb3 Ra8 32. Nc3 Rc6 33. Bf3
d5 34. Bd1 f5 35. h3 Ra1 36. g3 Rc8 37. h4 gxh4 38. gxh4 Rc4 39. h5 d4 40. Ne2
dxe3+ 41. fxe3 Kf6 42. Nd4 Ra2+ 43. Nc2 h6 44. Kc1 Ra1+ 45. Kd2 Ra2 46. Kc1 Ke5
47. Rd3 Rc6 48. Kb1 Ra4 49. Kb2 $16 Rd6 $2 {[#]} (49... Ra7 50. Nd4 $16) 50.
Nd4 (50. Ne1 $18) 50... Rxb4+ 51. Kc3 Rb1 $2 (51... Rbxd4 52. exd4+ $16) 52.
Nf3+ $18 1-0

[Event "Mondariz zt 1.1"]
[Site "Mondariz"]
[Date "2000.09.07"]
[Round "5"]
[White "Dorfman, Josif D"]
[Black "Chuchelov, Vladimir"]
[Result "1/2-1/2"]
[WhiteElo "2600"]
[BlackElo "2535"]
[Annotator "Chuchelov,V"]
[PlyCount "68"]
[EventDate "2000.09.03"]
[EventType "swiss"]
[EventRounds "11"]
[EventCountry "ESP"]
[SourceTitle "CBM 079"]
[Source "ChessBase"]
[SourceDate "2000.11.21"]
[SourceVersion "1"]
[SourceVersionDate "2000.11.21"]
[SourceQuality "1"]

1. d4 Nf6 2. c4 e6 3. Nc3 Bb4 4. Qc2 c5 5. dxc5 O-O 6. a3 Bxc5 7. Nf3 Be7 8.
Bf4 Nh5 9. Bd2 Nc6 10. e3 (10. g4 $5) 10... Nf6 11. Bd3 d5 12. O-O (12. cxd5 $5
exd5 13. Ne2 Bg4 $140 14. Bc3 Rc8 (14... Bxf3 15. gxf3 $14) 15. Ned4 Bd6 16.
Nxc6 bxc6 17. Ng5 $1 $36) 12... dxc4 13. Bxc4 Qc7 (13... Bd7 $5 14. Rfd1 Rc8
15. Bd3 Bd6 $11) 14. Bd3 Bd7 (14... Ne5 15. Nxe5 Qxe5 16. Ne4 Nxe4 17. Bxe4 $16
) 15. Ne4 Nxe4 16. Bxe4 h6 17. Bc3 $14 (17. Rfd1 Bf6) 17... Rac8 18. Rac1 Rfd8
19. b4 a6 20. Qb2 Bf8 21. Bb1 (21. Rfd1 Be8) 21... Ne7 $1 22. Be5 (22. Bd4 Qb8
23. Be5 Qa8 24. Bc7 Re8 25. e4 Bc6 26. Bg3 Red8 $11) 22... Qb6 23. Bd4 Qb5 24.
Rc5 (24. Ne5 $5 Be8 25. Bd3 Qd5 26. Rxc8 Rxc8 27. Rd1 $14) (24. Bc5 Nf5 25.
Bxf8 Kxf8 26. Ne5 Be8) 24... Rxc5 25. Bxc5 Be8 26. h3 (26. Nd4 Qd7 27. Qc2 g6
28. Qe4 Bg7 $132) 26... Nf5 27. Bxf8 Kxf8 28. Rc1 b6 29. Qc3 Ne7 30. Nd4 Qd5
31. Rd1 Nc6 $1 32. Bc2 Nxd4 33. Rxd4 Qe5 34. Bd3 a5 $11 1/2-1/2

[Event "Fourmies op 21st"]
[Site "Fourmies"]
[Date "1997.??.??"]
[Round "?"]
[White "Gurevich, Mikhail"]
[Black "Chuchelov, Vladimir"]
[Result "1/2-1/2"]
[WhiteElo "2620"]
[BlackElo "2540"]
[Annotator "Chuchelov,V"]
[PlyCount "101"]
[EventDate "1997.05.17"]
[EventType "swiss"]
[EventRounds "6"]
[EventCountry "FRA"]
[SourceTitle "CBM 062"]
[Source "ChessBase"]
[SourceDate "1998.01.31"]
[SourceVersion "1"]
[SourceVersionDate "1998.01.31"]
[SourceQuality "1"]

1. d4 Nf6 2. c4 e6 3. Nc3 Bb4 4. Qc2 c5 5. dxc5 O-O 6. a3 Bxc5 7. Nf3 Qc7 8. b4
Be7 9. Nb5 Qc6 10. Nfd4 Qb6 11. Bb2 d6 12. Rd1 a6 13. Nc3 Qc7 14. e4 Nbd7 15.
f4 Re8 (15... Nb6 $5 16. Qe2 Rd8 17. Nf3 d5 18. cxd5 exd5 19. e5 Ng4 20. g3 a5
$5 $13) 16. Nf3 b6 17. Bd3 Bb7 18. O-O Bf8 19. Kh1 Rac8 20. Qe2 g6 21. Qe1 Bg7
22. Qd2 Qb8 23. Ng5 Re7 $1 24. Qe1 Qc7 25. Ba1 Ree8 26. Nb1 Qd8 (26... Nxe4 $2
27. Bxe4 $1 Bxa1 28. Bxb7 Qxb7 29. Ne4 $16) 27. Nd2 e5 $5 (27... Qe7 28. e5 Nh5
29. exd6 Qxd6 30. Bxg7 Kxg7 31. Nde4 Qc7 32. Qc3+ f6 33. Be2 $16) (27... h6 28.
Ngf3 Qc7 29. Qh4 $14) 28. f5 a5 29. Bb2 Qe7 30. fxg6 fxg6 31. Qe2 Nh5 32. Nh3 (
32. Rf7 Qxg5 33. Rxd7 Bc6 34. Rxd6 Bf8) 32... Rf8 33. Nf3 axb4 34. axb4 Nf4 35.
Nxf4 exf4 36. Bxg7 Kxg7 37. Qf2 Rf6 38. Rfe1 Ne5 39. Qd4 (39. Qxb6 Nxd3 40.
Rxd3 Rxc4 $15 (40... d5 41. Qb5 {xd7})) 39... Rcf8 $1 40. Ra1 Bc8 $1 41. Be2
Qc7 42. Rec1 Bg4 43. Ra6 Bxf3 44. gxf3 Rb8 45. Rca1 Rb7 46. Rd1 (46. Qd5 g5 47.
Ra8 Qf7 48. Qxf7+ Rfxf7 $13) 46... g5 47. Rg1 Rg6 48. Kg2 Qe7 49. Kh1 (49. Rxb6
Rxb6 50. Qxb6 g4 51. fxg4 h5 $5 $36) 49... Qc7 50. Kg2 Qe7 51. Kh1 1/2-1/2